| 000 | 01173 a2200265 4500 | ||
|---|---|---|---|
| 003 | Nust | ||
| 005 | 20170207154025.0 | ||
| 010 | _a 00500283 | ||
| 020 | _a1565924029 | ||
| 040 | _cNust | ||
| 082 | _a005.133 | ||
| 100 | 1 | _aKnudsen, Jonathan. | |
| 245 | 1 | 0 |
_aJava cryptography /(E-BOOK) _cJonathan Knudsen. |
| 260 |
_aSebastopol, Calif. : _bO'Reilly, _cc1998. |
||
| 300 |
_axvi, 344 p. : _bill. ; _c23 cm. |
||
| 490 | 1 | _aJava series | |
| 505 | _aIntroduction (Page-5) Concepts (Page-13)Architecture (Page-24) Random Numbers (Page-32) Authentication (Page-70) Signed Applets (Page-119) Writing A Provider (Page-131) Safetalk (Page-144) Ciphermail (Page-157) Outside The Box (Page-174) | ||
| 650 | 0 | _aCryptography. | |
| 650 | 0 | _aJava (Computer program language) | |
| 651 | _aJava cryptography /(E-BOOK) | ||
| 830 | 0 | _aJava series (O'Reilly & Associates) | |
| 856 | 4 | 2 |
_3Contributor biographical information _uhttp://www.loc.gov/catdir/enhancements/fy0912/00500283-b.html |
| 856 | 4 | 2 |
_3Publisher description _uhttp://www.loc.gov/catdir/enhancements/fy0715/00500283-d.html |
| 856 | 4 | 2 |
_3Table of contents only _uhttp://www.loc.gov/catdir/enhancements/fy1008/00500283-t.html |
| 942 |
_2ddc _cBK |
||
| 999 |
_c191874 _d191874 |
||